000
00307nam a22001457a 4500
008
210512b ||||| |||| 00| 0 eng d
020
_a
1342742
041
_a
eng
080
_a
82
082
_a
82
100
_a
21
101
_a
GJL
245
_a
American Poetry to 1914
_c
Harold Bloom
942
_2
udc
_c
BK
999
_c
57299
_d
57299